000 00571nam a2200193Ia 4500
999 _c3326
_d3326
003 OSt
005 20200908095423.0
008 190216s9999||||xx |||||||||||||| ||und||
020 _a9788120324985
040 _coclc
082 _a536.7
_bSRI/T
100 _aSrivastava, R C
_94474
245 0 _aThermodynamics A Core Course /
_cR C Srivastava ; S K Saha ; A K Jain
250 _a2nd Ed.
260 _bPrentice Hall Of India Pvt Ltd,
_aNew Delhi:
_c2004.
300 _a306p
650 _aChemistry
942 _cBK
_2ddc
_h536.7
_iSRI/T
_k536.7
_mSRI/T